Punto - línea - plano /
La pintura se libera del objeto y de la figura y pasa a ser una libre composición de formas y colores. La perfección de la geometría se traslada al arte.
Guardado en:
| Autor Principal: | |
|---|---|
| Autor Corporativo: | |
| Otros Autores: | |
| Formato: | |
| Publicado: |
Argentina,
2008
|
| Series: | Mestizo. Una Historia Del Arte Latinoamericano
|
| Materias: | |
| Etiquetas: |
Agregar Etiqueta
Sin Etiquetas, Sea el primero en etiquetar este registro!
|
| LEADER | 01139ngm a22003375g 4500 | ||
|---|---|---|---|
| 001 | CEM.cems023667 | ||
| 008 | 130507s2008##################0###0#####d | ||
| 005 | 20250619170155.0 | ||
| 245 | 1 | 0 | |a Punto - línea - plano / |c Julio Bertolotti. |
| 260 | |a Argentina, |c 2008 | ||
| 300 | |a 27'. | ||
| 490 | 0 | |a Mestizo. Una Historia Del Arte Latinoamericano | |
| 500 | |a Consultar en ventanilla. | ||
| 538 | |a Soporte: DVD - Color: Si - Grabación DRD | ||
| 520 | |a La pintura se libera del objeto y de la figura y pasa a ser una libre composición de formas y colores. La perfección de la geometría se traslada al arte. | ||
| 100 | 1 | |a Bertolotti, Julio | |
| 710 | 2 | |a Canal Encuentro. | |
| 700 | 1 | |a Cortese, Rita; Narración. | |
| 082 | 7 | 5 | |/ BER |
| 653 | |a ARTE | ||
| 653 | |a HISTORIA DEL ARTE | ||
| 653 | |a ARTE LATINOAMERICANO | ||
| 653 | |a PINTURA | ||
| 653 | |a ESCULTURA | ||
| 653 | |a ARTES PLASTICAS | ||
| 653 | |a GEOMETRIA | ||
| 653 | |a CUBISMO | ||
| 653 | |a PINTURA CONTEMPORANEA | ||
| 653 | |a PINTURA GEOMETRICA | ||
| 653 | |a SERIE DE TELEVISIÓN | ||
| 859 | |a CEMS |b BIB. CEMS - Depto. Recursos Didacticos |h 759 |i BER |k DRD |p 2310.15 |t Ej.1 | ||
